Words Beginning With "Man" - Statistics

General Stats
  • This quiz has been taken 892 times
  • The average score is 8 of 10
Answer Stats
Hint Answer % Correct
A city in North West England. Manchester
96%
A borough in New York. Manhattan
96%
To kill someone accidently Manslaughter
92%
Statue used for displaying clothes. Mannequin
90%
The head of a professional team. Manager
89%
A language and a type of fruit. Mandarin
84%
A bone in the head used for chewing. Mandible
80%
A large aquatic Mammal. Manatee
79%
Variety of pea translating into English as "Eat all". Mangetout
36%
A deliberate, calculated movement. Manoeuvre
24%
No matching quizzes found
Score Distribution
Percent of People with Each Score
Percentile by Number Answered
Your Score History
You have not taken this quiz